000 00953 a2200205 4500
001 54697
005 20260407155821.0
008 260407a1986 arg spa d
003 AR-UNSa-BCEJYS
040 _aAR-UNSa-BCEJYS
_bspa
_cAR-UNSa-BCEJYS
080 _a304.4
_xAspectos generales de las políticas y prácticas sociales y culturales (política social)
245 1 0 _aAnálisis introductorio de la política y del estado
020 _a950-508-181-2
264 1 _aBuenos Aires :
_bAstrea
_c1986
300 _a163 p.
_c20 cm.
505 _a1. Explicación política – 2. Educación política – 3. Lectura de la historia – 4. Lectura de la sociedad – 5. Lectura de las instituciones – 6. Significado y justificación de la democracia pluralista – 7. El arte de la transición política – 8. La argentina política – 9. Anexos informativos.
942 _cBK
590 _aniveau_biblio:m niveau_hierar:0
100 1 _aFloria, Carlos A.
999 _c5722
_d5722